| 000 | 00620nam a2200181Ia 4500 | ||
|---|---|---|---|
| 008 | 140925s9999 xx 000 0 und d | ||
| 020 | _a2305-2600 | ||
| 245 |
_aInternational journal of management and organization studies / _h[electronic resource] |
||
| 260 |
_bSociety of Management and Human Resource Development, _cc2014. |
||
| 516 | _aElectronic text | ||
| 650 | _aHuman Resource Management. | ||
| 650 | _aJournal. | ||
| 650 | _aStudies. | ||
| 830 | _aSociety of Management and Human Resource Development | ||
| 856 | _uhttp://www.ijmos.net/?page_id=17 | ||
| 942 | _cEJ | ||
| 999 |
_c275808 _d275808 |
||